Wayra Runa, un ensueño de amor / (Record no. 22547)

000 -CABECERA
fixed length control field 00874nam a22002417a 4500
003 - IDENTIFICADOR DEL NÚMERO DE CONTROL
control field AR-CdUCM
008 - DATOS DE LONGITUD FIJA--INFORMACIÓN GENERAL
fixed length control field 190423b ||||| |||| 00| 0 spa d
020 ## - NÚMERO INTERNACIONAL ESTÁNDAR DEL LIBRO
ISBN 9786124190322
040 ## - FUENTE DE LA CATALOGACIÓN
Agencia/entidad que catalogó originalmente la obra MUNICIPALIDAD PROVINCIAL DEL CUSCO
Entidad que transcribió la catalogación BIBLIOTECA MUNICIPAL DEL CUSCO
082 ## - NÚMERO DE LA CLASIFICACIÓN DECIMAL DEWEY
No. de Clasificación SI/869.5/M13
Notacion interna M13
100 ## - ENTRADA PRINCIPAL--NOMBRE DE PERSONA
Nombre Personal Valle Tejeda, Maritza
245 ## - MENCIÓN DE TÍTULO
Título Wayra Runa, un ensueño de amor /
Mención de responsabilidad Maritza Valle Tejeda ; [ilustraciones, Melissa Rosales Figueroa]
260 ## - PUBLICACIÓN, DISTRIBUCIÓN, ETC.
Lugar de publicación, distribución, etc. Lima :
Nombre de la editorial, distribuidor, etc. Lexicom,
Fecha de publicación, distribución, etc. 2019.
300 ## - DESCRIPCIÓN FÍSICA
Nº de Páginas Extensión 107 páginas. :
Otros detalles físicos ilustraciones ;
Dimensiones 20 cm.
650 ## - PUNTO DE ACCESO ADICIONAL DE MATERIA--TÉRMINO DE MATERIA
Descriptor Novelas infantiles peruanas
9 (RLIN) 48438
650 ## - PUNTO DE ACCESO ADICIONAL DE MATERIA--TÉRMINO DE MATERIA
Descriptor Comprensión de lectura
9 (RLIN) 3320
650 ## - PUNTO DE ACCESO ADICIONAL DE MATERIA--TÉRMINO DE MATERIA
Descriptor Cuadernos de trabajo
9 (RLIN) 3321
650 ## - PUNTO DE ACCESO ADICIONAL DE MATERIA--TÉRMINO DE MATERIA
Descriptor Siglo XX
9 (RLIN) 48475
700 ## - PUNTO DE ACCESO ADICIONAL--NOMBRE DE PERSONA
Nombre Personal Rosales Figueroa, Melissa
Término de relación ilustrador
9 (RLIN) 48476
942 ## - ELEMENTOS DE PUNTO DE ACCESO ADICIONAL (KOHA)
Fuente de clasificación
Tipo de item Libros-BMC
945 ## - PROCESAMIENTO DE INFORMACIÓN LOCAL (OCLC)
Catalogador rac
Holdings
Estado de retiro (separado) Fuente de clasificación o esquema de estanterías Estado dañado Ubicación Sala donde se ubica Nombre de la colección Fecha de adquisición o compra Fuente de adquisición Costo, precio normal en soles Signatura topográfica Código de Barras Última vez visto (Koha) Tipo de ítem (Koha)
No     Sala de Infantes Sala de Infantes Book Cart 2022-09-26 Donación 20.00 SI/869.5/M13 SI00004779 2022-09-26 Libros-BMC
No     Sala de Infantes Sala de Infantes Book Cart 2022-09-26 Donación 20.00 SI/869.5/M13/e.2 SI00004780 2022-09-26 Libros-BMC

Powered by Koha